| 000 | 00425nam a2200181Ia 4500 | ||
|---|---|---|---|
| 005 | 20250630032202.0 | ||
| 008 | 240331s9999 xx 000 0 und d | ||
| 020 | _a9559501852 | ||
| 082 |
_bDHA _a891 |
||
| 100 | _aDharmakeerthi,R | ||
| 245 | 0 | _aPradeepagaraya yata | |
| 250 | _a2nd | ||
| 260 |
_aColombo _bPradeepa Publishers _c1991 |
||
| 300 | _a128 p ., | ||
| 650 | _aanthology | ||
| 650 | _aShort stories | ||
| 942 | _cL | ||
| 999 |
_c5341 _d5341 |
||